[Event "TN Mestres 2024-25"]
[Site "Pombal"]
[Date "2024.12.23"]
[Round "9.1"]
[White "Ribeiro, Gustavo"]
[Black "Fidalgo, Andre Neves"]
[Result "1-0"]
[LiveChessVersion "1.4.8"]
[BlackElo "2220"]
[WhiteElo "2241"]

1. e4 {[%clk 1:30:58]} c5 {[%clk 1:30:52]} 2. Nf3 {[%clk 1:31:25]} Nc6
{[%clk 1:31:15]} 3. Bb5 {[%clk 1:31:51]} e5 {[%clk 1:31:35]} 4. O-O
{[%clk 1:32:17]} Bd6 {[%clk 1:32:01]} 5. d4 {[%clk 1:32:39]} Nxd4
{[%clk 1:32:12]} 6. Bc4 {[%clk 1:33:06]} Nf6 {[%clk 1:24:15]} 7. Ng5
{[%clk 1:32:34]} O-O {[%clk 1:22:01]} 8. c3 {[%clk 1:33:00]} Ne6 {[%clk 0:58:33]}
9. Nxf7 {[%clk 1:29:35]} Rxf7 {[%clk 0:56:36]} 10. Qxd6 {[%clk 1:30:01]} Nxe4
{[%clk 0:48:23]} 11. Qxe5 {[%clk 1:30:12]} Nf6 {[%clk 0:43:26]} 12. Rd1
{[%clk 1:20:15]} Qf8 {[%clk 0:42:55]} 13. f3 {[%clk 1:20:25]} b6 {[%clk 0:37:56]}
14. Na3 {[%clk 1:19:26]} d5 {[%clk 0:19:20]} 15. Rxd5 {[%clk 1:18:21]} Nxd5
{[%clk 0:15:02]} 16. Bxd5 {[%clk 1:18:41]} Bd7 {[%clk 0:13:57]} 17. Bxa8
{[%clk 1:18:38]} Qxa8 {[%clk 0:14:14]} 18. Be3 {[%clk 1:18:34]} Nf8
{[%clk 0:13:07]} 19. Rd1 {[%clk 1:18:14]} Rf5 {[%clk 0:11:13]} 20. Qg3
{[%clk 1:16:51]} Qe8 {[%clk 0:11:20]} 21. Re1 {[%clk 1:16:50]} Qf7
{[%clk 0:11:09]} 22. b3 {[%clk 1:17:00]} Rf6 {[%clk 0:10:38]} 23. Nc4
{[%clk 1:16:42]} Re6 {[%clk 0:07:58]} 24. Nd6 {[%clk 1:13:31]} Qe7
{[%clk 0:03:54]} 25. Ne4 {[%clk 1:10:08]} Bc6 {[%clk 0:03:50]} 26. Bg5
{[%clk 1:10:13]} Qe8 {[%clk 0:03:50]} 27. Qg4 {[%clk 1:07:58]} h5
{[%clk 0:02:34]} 28. Qf4 {[%clk 1:06:36]} Ng6 {[%clk 0:02:39]} 29. Qd2
{[%clk 1:07:01]} Kh8 {[%clk 0:01:20]} 30. Qc2 {[%clk 1:06:16]} Qb8
{[%clk 0:00:48]} 31. Bd2 {[%clk 1:05:46]} Qe8 {[%clk 0:00:51]} 32. Kf2
{[%clk 1:05:44]} Bxe4 {[%clk 0:00:47]} 33. Rxe4 {[%clk 1:06:10]} Rxe4
{[%clk 0:00:52]} 34. Qxe4 {[%clk 1:06:34]} Qd7 {[%clk 0:00:36]} 35. Bg5
{[%clk 1:05:28]} Kh7 {[%clk 0:00:47]} 36. h4 {[%clk 1:04:58]} Qd6
{[%clk 0:00:54]} 37. g4 {[%clk 1:01:36]} Kg8 {[%clk 0:00:34]} 38. gxh5
{[%clk 1:01:40]} Qh2+ {[%clk 0:00:38]} 39. Ke3 {[%clk 1:00:12]} Ne5
{[%clk 0:01:01]} 40. Qf5 {[%clk 0:59:13]} Qg1+ {[%clk 0:00:47]} 41. Ke4
{[%clk 0:59:35]} Nf7 {[%clk 0:00:37]} 42. Kd5 {[%clk 0:48:34]} Qd1+
{[%clk 0:00:48]} 43. Kc6 {[%clk 0:48:57]} Qd6+ {[%clk 0:00:36]} 44. Kb7
{[%clk 0:49:22]} Ne5 {[%clk 0:00:49]} 45. Qc8+ {[%clk 0:49:24]} Kh7
{[%clk 0:01:13]} 46. c4 {[%clk 0:49:42]} b5 {[%clk 0:01:08]} 47. cxb5
{[%clk 0:49:26]} Qb6+ {[%clk 0:00:33]} 48. Ka8 {[%clk 0:49:51]} Nf7
{[%clk 0:00:42]} 49. Qc6 {[%clk 0:50:15]} Qa5 {[%clk 0:00:40]} 50. Qe4+
{[%clk 0:50:39]} 1-0

[Event "TN Mestres 2024-25"]
[Site "Pombal"]
[Date "2024.12.23"]
[Round "9.2"]
[White "Ferreira, Luis Pedro"]
[Black "Ribeiro, Rodrigo"]
[Result "1/2-1/2"]
[LiveChessVersion "1.4.8"]
[BlackElo "2143"]
[WhiteElo "2166"]

1. e4 {[%clk 1:30:57]} c5 {[%clk 1:30:58]} 2. Nf3 {[%clk 1:31:03]} e6
{[%clk 1:31:09]} 3. d4 {[%clk 1:30:54]} cxd4 {[%clk 1:31:35]} 4. Nxd4
{[%clk 1:31:18]} a6 {[%clk 1:32:02]} 5. c4 {[%clk 1:31:14]} Nf6 {[%clk 1:32:06]}
6. Nc3 {[%clk 1:31:13]} Bb4 {[%clk 1:32:26]} 7. Qd3 {[%clk 1:30:57]} Nc6
{[%clk 1:32:27]} 8. Nxc6 {[%clk 1:31:16]} dxc6 {[%clk 1:32:52]} 9. Qxd8+
{[%clk 1:31:28]} Kxd8 {[%clk 1:33:19]} 10. e5 {[%clk 1:31:48]} Nd7
{[%clk 1:31:45]} 11. Bf4 {[%clk 1:30:32]} b6 {[%clk 1:26:04]} 12. O-O-O
{[%clk 1:28:49]} Bxc3 {[%clk 1:25:14]} 13. bxc3 {[%clk 1:29:11]} Kc7
{[%clk 1:25:41]} 14. h4 {[%clk 1:27:06]} Nc5 {[%clk 1:20:43]} 15. Rh3
{[%clk 1:24:26]} Bb7 {[%clk 1:16:36]} 16. Rg3 {[%clk 1:21:46]} g6
{[%clk 0:51:45]} 17. Rf3 {[%clk 1:21:22]} Nd7 {[%clk 0:50:04]} 18. Bg5
{[%clk 1:18:32]} Raf8 {[%clk 0:47:28]} 19. Be7 {[%clk 1:18:49]} f5
{[%clk 0:40:52]} 20. Bxf8 {[%clk 1:12:48]} Rxf8 {[%clk 0:41:12]} 21. Rfd3
{[%clk 1:12:59]} Bc8 {[%clk 0:33:21]} 22. f4 {[%clk 1:12:11]} Nc5
{[%clk 0:32:28]} 23. Re3 {[%clk 1:11:07]} h5 {[%clk 0:30:55]} 24. Be2
{[%clk 1:06:26]} Rg8 {[%clk 0:16:41]} 25. Rd4 {[%clk 1:03:45]} Rh8
{[%clk 0:15:36]} 26. Rg3 {[%clk 1:02:56]} Rh6 {[%clk 0:16:04]} 27. Kd2
{[%clk 1:01:40]} Bd7 {[%clk 0:16:04]} 28. Bd1 {[%clk 1:00:04]} Be8
{[%clk 0:16:11]} 29. Ke3 {[%clk 0:59:49]} Rh7 {[%clk 0:15:38]} 30. Bc2
{[%clk 0:57:41]} Re7 {[%clk 0:15:27]} 31. Rd1 {[%clk 0:56:04]} Rh7
{[%clk 0:13:49]} 32. Rg5 {[%clk 0:54:06]} Re7 {[%clk 0:12:42]} 33. Rf1
{[%clk 0:53:54]} Rh7 {[%clk 0:13:07]} 34. Rf3 {[%clk 0:54:00]} Kd7
{[%clk 0:13:11]} 35. Rfg3 {[%clk 0:53:50]} Rh6 {[%clk 0:13:38]} 36. Rh3
{[%clk 0:51:31]} Kc7 {[%clk 0:13:11]} 37. Rh1 {[%clk 0:51:51]} Rh7
{[%clk 0:13:16]} 38. Rg3 {[%clk 0:52:03]} Rh8 {[%clk 0:13:13]} 39. Rd1
{[%clk 0:52:07]} Rh7 {[%clk 0:13:15]} 40. Rf3 {[%clk 0:52:32]} Re7
{[%clk 0:07:53]} 41. Rf2 {[%clk 0:52:46]} Rh7 {[%clk 0:06:56]} 42. Rfd2
{[%clk 0:52:56]} Rd7 {[%clk 0:05:00]} 43. Rd6 {[%clk 0:52:27]} a5
{[%clk 0:03:11]} 44. Rb1 {[%clk 0:52:00]} Re7 {[%clk 0:03:33]} 45. Rd4
{[%clk 0:51:28]} Bf7 {[%clk 0:03:36]} 46. Bd1 {[%clk 0:51:35]} Be8
{[%clk 0:03:31]} 47. Bf3 {[%clk 0:52:12]} Bd7 {[%clk 0:03:30]} 48. Rbd1
{[%clk 0:51:56]} Rh7 {[%clk 0:03:08]} 49. Rd6 {[%clk 0:52:06]} Re7
{[%clk 0:03:31]} 50. Rh1 {[%clk 0:50:09]} Rh7 {[%clk 0:03:24]} 51. Rh3
{[%clk 0:49:33]} Nb7 {[%clk 0:03:19]} 52. Bxc6 {[%clk 0:39:04]} Nxd6
{[%clk 0:03:23]} 53. Bxd7 {[%clk 0:39:30]} Nxc4+ {[%clk 0:00:37]} 54. Kd4
{[%clk 0:39:51]} Rxd7+ {[%clk 0:00:33]} 55. Kxc4 {[%clk 0:38:56]} Kc6
{[%clk 0:00:32]} 56. Rg3 {[%clk 0:38:36]} b5+ {[%clk 0:00:36]} 57. Kb3
{[%clk 0:39:00]} Rg7 {[%clk 0:01:03]} 58. a4 {[%clk 0:37:52]} Kc5
{[%clk 0:00:47]} 59. axb5 {[%clk 0:38:00]} Kxb5 {[%clk 0:01:14]} 60. Rd3
{[%clk 0:38:22]} a4+ {[%clk 0:00:45]} 61. Ka3 {[%clk 0:37:47]} Rc7
{[%clk 0:00:59]} 62. Kb2 {[%clk 0:37:41]} Rc4 {[%clk 0:01:04]} 63. Rg3
{[%clk 0:22:31]} 1/2-1/2

[Event "TN Mestres 2024-25"]
[Site "Pombal"]
[Date "2024.12.23"]
[Round "9.3"]
[White "Morais, Miguel"]
[Black "Reis, Luis Sousa"]
[Result "1-0"]
[LiveChessVersion "1.4.8"]
[BlackElo "2164"]
[WhiteElo "2132"]

1. d4 {[%clk 1:29:45]} Nf6 {[%clk 1:30:39]} 2. c4 {[%clk 1:30:08]} e6
{[%clk 1:30:55]} 3. Nf3 {[%clk 1:30:31]} c5 {[%clk 1:30:38]} 4. d5
{[%clk 1:30:52]} b5 {[%clk 1:30:32]} 5. dxe6 {[%clk 1:31:16]} fxe6
{[%clk 1:30:42]} 6. cxb5 {[%clk 1:31:41]} a6 {[%clk 1:30:39]} 7. e3
{[%clk 1:32:02]} d5 {[%clk 1:28:58]} 8. Nc3 {[%clk 1:31:45]} Nbd7
{[%clk 1:19:35]} 9. bxa6 {[%clk 1:32:02]} Bxa6 {[%clk 1:10:33]} 10. Bxa6
{[%clk 1:30:29]} Rxa6 {[%clk 1:11:00]} 11. O-O {[%clk 1:30:52]} Bd6
{[%clk 1:10:32]} 12. e4 {[%clk 1:24:57]} dxe4 {[%clk 0:55:41]} 13. Ng5
{[%clk 1:23:23]} O-O {[%clk 0:55:38]} 14. Qe2 {[%clk 1:17:19]} Qa8
{[%clk 0:55:18]} 15. Ncxe4 {[%clk 1:11:42]} Nxe4 {[%clk 0:54:15]} 16. Nxe4
{[%clk 1:09:47]} Be5 {[%clk 0:50:56]} 17. a3 {[%clk 1:03:13]} Rb6
{[%clk 0:45:04]} 18. Rb1 {[%clk 0:57:06]} Rfb8 {[%clk 0:42:44]} 19. Nxc5
{[%clk 0:47:44]} Nxc5 {[%clk 0:31:26]} 20. Qxe5 {[%clk 0:48:01]} Nd3
{[%clk 0:28:25]} 21. Qe3 {[%clk 0:45:40]} Nxb2 {[%clk 0:21:31]} 22. Rxb2
{[%clk 0:37:11]} Rxb2 {[%clk 0:21:45]} 23. Bxb2 {[%clk 0:37:08]} Rxb2
{[%clk 0:22:03]} 24. Qxe6+ {[%clk 0:37:29]} Kh8 {[%clk 0:22:22]} 25. Rc1
{[%clk 0:36:09]} Rb8 {[%clk 0:19:01]} 26. h3 {[%clk 0:36:07]} h6 {[%clk 0:19:17]}
27. Qd6 {[%clk 0:31:41]} Rd8 {[%clk 0:18:43]} 28. Qg3 {[%clk 0:30:33]} Rc8
{[%clk 0:15:24]} 29. Rxc8+ {[%clk 0:26:34]} Qxc8 {[%clk 0:15:44]} 30. Qe3
{[%clk 0:26:59]} Qd7 {[%clk 0:15:24]} 31. Qc5 {[%clk 0:26:41]} Qe8
{[%clk 0:14:28]} 32. g3 {[%clk 0:25:45]} Qa4 {[%clk 0:13:49]} 33. Kh2
{[%clk 0:23:16]} Kh7 {[%clk 0:13:13]} 34. Qb4 {[%clk 0:22:45]} Qa7
{[%clk 0:12:47]} 35. Kg1 {[%clk 0:22:52]} Qd7 {[%clk 0:12:24]} 36. a4
{[%clk 0:19:53]} Qxh3 {[%clk 0:11:19]} 37. a5 {[%clk 0:20:10]} Qe6
{[%clk 0:10:41]} 38. Qb5 {[%clk 0:07:55]} Qe1+ {[%clk 0:09:33]} 39. Kg2
{[%clk 0:08:21]} Qe4+ {[%clk 0:09:48]} 40. Kh2 {[%clk 0:08:38]} Qf3
{[%clk 0:07:27]} 41. Kg1 {[%clk 0:08:51]} h5 {[%clk 0:06:05]} 42. Qa4
{[%clk 0:03:53]} g5 {[%clk 0:05:31]} 43. a6 {[%clk 0:02:34]} g4 {[%clk 0:01:44]}
44. a7 {[%clk 0:02:40]} Qa8 {[%clk 0:01:35]} 45. Qd7+ {[%clk 0:02:39]} Kg6
{[%clk 0:01:54]} 46. Qd6+ {[%clk 0:02:40]} Kg5 {[%clk 0:02:12]} 47. Qb8
{[%clk 0:02:42]} 1-0

[Event "TN Mestres 2024-25"]
[Site "Pombal"]
[Date "2024.12.23"]
[Round "9.4"]
[White "Margarido, Jose"]
[Black "Padeiro, Jose"]
[Result "1/2-1/2"]
[LiveChessVersion "1.4.8"]
[BlackElo "2122"]
[WhiteElo "2152"]

1. c4 {[%clk 1:30:57]} Nf6 {[%clk 1:30:25]} 2. Nf3 {[%clk 1:30:47]} e6
{[%clk 1:30:41]} 3. g3 {[%clk 1:30:58]} d5 {[%clk 1:31:02]} 4. Bg2
{[%clk 1:31:12]} c5 {[%clk 1:30:03]} 5. cxd5 {[%clk 1:28:42]} Nxd5
{[%clk 1:29:58]} 6. O-O {[%clk 1:29:02]} Nc6 {[%clk 1:29:53]} 7. d4
{[%clk 1:29:06]} cxd4 {[%clk 1:27:31]} 8. Nxd4 {[%clk 1:29:14]} Bd7
{[%clk 1:26:56]} 9. Nc3 {[%clk 1:28:12]} Nxc3 {[%clk 1:20:10]} 10. bxc3
{[%clk 1:28:35]} Be7 {[%clk 1:20:03]} 11. Nxc6 {[%clk 1:12:10]} Bxc6
{[%clk 1:20:00]} 12. Bxc6+ {[%clk 1:12:19]} bxc6 {[%clk 1:20:25]} 13. Qa4
{[%clk 1:10:28]} O-O {[%clk 1:15:00]} 14. Qxc6 {[%clk 0:59:49]} Qa5
{[%clk 1:13:01]} 15. Be3 {[%clk 0:57:10]} Rac8 {[%clk 0:50:12]} 16. Qe4
{[%clk 0:39:25]} Qxc3 {[%clk 0:45:59]} 17. Bxa7 {[%clk 0:35:28]} Bf6
{[%clk 0:44:10]} 18. Rad1 {[%clk 0:28:55]} Qc2 {[%clk 0:37:02]} 19. Qe3
{[%clk 0:13:29]} Qxa2 {[%clk 0:35:57]} 20. Rd2 {[%clk 0:11:59]} Qa5
{[%clk 0:33:08]} 21. Bd4 {[%clk 0:09:26]} Bg5 {[%clk 0:26:08]} 22. f4
{[%clk 0:09:46]} Be7 {[%clk 0:26:21]} 23. Qe5 {[%clk 0:07:23]} Qxe5
{[%clk 0:25:38]} 24. Bxe5 {[%clk 0:07:53]} Rc4 {[%clk 0:22:53]} 25. Rfd1
{[%clk 0:07:12]} h5 {[%clk 0:20:54]} 26. Bd6 {[%clk 0:05:05]} Bxd6
{[%clk 0:18:43]} 27. Rxd6 {[%clk 0:05:35]} Kh7 28. R6d4 {[%clk 0:04:01]} Rfc8
{[%clk 0:16:41]} 29. Rxc4 {[%clk 0:03:59]} Rxc4 {[%clk 0:17:09]} 30. Rd3
{[%clk 0:03:17]} Kg6 {[%clk 0:15:48]} 31. Re3 {[%clk 0:03:37]} Rc6
{[%clk 0:15:10]} 32. Kg2 {[%clk 0:03:04]} Rc1 {[%clk 0:13:16]} 33. Re5
{[%clk 0:03:09]} Re1 {[%clk 0:12:23]} 34. Kf2 {[%clk 0:03:14]} Rd1
{[%clk 0:12:31]} 35. Kg2 {[%clk 0:03:18]} Rd6 {[%clk 0:12:43]} 36. Ra5
{[%clk 0:02:03]} Rb6 {[%clk 0:13:17]} 37. h4 {[%clk 0:01:12]} f6 {[%clk 0:13:15]}
38. Kf3 {[%clk 0:01:27]} Rb3+ {[%clk 0:12:28]} 39. Kf2 {[%clk 0:01:53]} Rb6
{[%clk 0:11:23]} 40. Kf3 {[%clk 0:02:18]} Rd6 {[%clk 0:11:52]} 41. Rb5
{[%clk 0:00:53]} Ra6 {[%clk 0:09:08]} 42. Rc5 {[%clk 0:01:20]} Ra3+
{[%clk 0:09:29]} 43. Kf2 {[%clk 0:01:48]} Ra6 {[%clk 0:09:49]} 1/2-1/2

[Event "TN Mestres 2024-25"]
[Site "Pombal"]
[Date "2024.12.23"]
[Round "9.5"]
[White "Goncalves, Samuel"]
[Black "Ryabukhin, Roman"]
[Result "1-0"]
[LiveChessVersion "1.4.8"]
[BlackElo "2286"]
[WhiteElo "2301"]

1. c4 e5 {[%clk 1:27:05]} 2. g3 {[%clk 1:31:19]} Nf6 {[%clk 1:27:02]} 3. Bg2
{[%clk 1:31:42]} c6 {[%clk 1:27:27]} 4. Nf3 {[%clk 1:32:06]} e4 {[%clk 1:27:52]}
5. Nd4 {[%clk 1:32:27]} d5 {[%clk 1:25:52]} 6. cxd5 {[%clk 1:32:51]} Qb6
{[%clk 1:26:20]} 7. Nb3 {[%clk 1:33:07]} a5 {[%clk 1:26:42]} 8. d3
{[%clk 1:33:20]} a4 {[%clk 1:27:03]} 9. N3d2 {[%clk 1:33:22]} exd3
{[%clk 1:26:50]} 10. O-O {[%clk 1:33:44]} cxd5 {[%clk 1:25:56]} 11. exd3
{[%clk 1:31:04]} Nc6 {[%clk 1:23:18]} 12. Nc3 {[%clk 1:29:49]} Qa5
{[%clk 1:23:39]} 13. Re1+ {[%clk 1:04:32]} Be7 {[%clk 1:23:07]} 14. b4
{[%clk 1:03:17]} axb3 {[%clk 1:04:28]} 15. Qxb3 {[%clk 1:03:32]} Be6
{[%clk 0:58:09]} 16. Qxb7 {[%clk 0:54:11]} O-O {[%clk 0:34:29]} 17. Qxc6
{[%clk 0:46:14]} Rac8 {[%clk 0:34:10]} 18. Rxe6 {[%clk 0:45:33]} Rxc6
{[%clk 0:31:48]} 19. Rxc6 {[%clk 0:45:57]} Bc5 {[%clk 0:30:02]} 20. Nb3
{[%clk 0:44:26]} Qxc3 {[%clk 0:30:17]} 21. Rxc5 {[%clk 0:44:51]} Qxd3
{[%clk 0:30:25]} 22. Be3 {[%clk 0:42:46]} Ne4 {[%clk 0:26:33]} 23. Bf1
{[%clk 0:41:39]} 1-0

[Event "TN Mestres 2024-25"]
[Site "Pombal"]
[Date "2024.12.23"]
[Round "9.6"]
[White "Martins, Diogo"]
[Black "Valente, Sofia"]
[Result "1/2-1/2"]
[LiveChessVersion "1.4.8"]
[BlackElo "1949"]
[WhiteElo "1961"]

1. e4 {[%clk 1:30:48]} c5 {[%clk 1:30:52]} 2. Nf3 {[%clk 1:31:09]} Nc6
{[%clk 1:31:15]} 3. d4 {[%clk 1:30:55]} cxd4 {[%clk 1:31:38]} 4. Nxd4
{[%clk 1:31:20]} Nf6 {[%clk 1:31:56]} 5. Nc3 {[%clk 1:25:10]} e5 {[%clk 1:32:17]}
6. Ndb5 {[%clk 1:24:00]} d6 {[%clk 1:32:33]} 7. Bg5 {[%clk 1:18:08]} a6
{[%clk 1:32:54]} 8. Na3 {[%clk 1:18:06]} b5 {[%clk 1:33:05]} 9. Nd5
{[%clk 1:18:13]} Be7 {[%clk 1:33:27]} 10. Bxf6 {[%clk 1:18:03]} Bxf6
{[%clk 1:33:42]} 11. c4 {[%clk 1:16:09]} b4 {[%clk 1:26:00]} 12. Nc2
{[%clk 1:16:31]} a5 {[%clk 1:25:15]} 13. Be2 {[%clk 1:14:59]} Bg5
{[%clk 1:21:54]} 14. O-O {[%clk 1:14:13]} O-O {[%clk 1:22:03]} 15. Nce3
{[%clk 1:12:33]} Bxe3 {[%clk 1:21:48]} 16. Nxe3 {[%clk 1:12:50]} Nd4
{[%clk 1:20:43]} 17. Nc2 {[%clk 1:08:09]} Ne6 {[%clk 1:18:25]} 18. Bg4
{[%clk 1:06:05]} Nc5 {[%clk 1:08:11]} 19. Bxc8 {[%clk 1:05:29]} Rxc8
{[%clk 1:08:30]} 20. Qd5 {[%clk 1:00:28]} Na4 {[%clk 1:04:19]} 21. b3
{[%clk 0:59:19]} Nc3 {[%clk 0:53:51]} 22. Qd3 {[%clk 0:59:35]} Qh4
{[%clk 0:53:30]} 23. f3 {[%clk 0:58:28]} f5 {[%clk 0:49:38]} 24. exf5
{[%clk 0:54:01]} Rxf5 {[%clk 0:48:49]} 25. Ne3 {[%clk 0:48:58]} Rh5
{[%clk 0:44:05]} 26. Ng4 {[%clk 0:49:03]} e4 {[%clk 0:42:22]} 27. Qe3
{[%clk 0:45:48]} Rf8 {[%clk 0:33:36]} 28. Rae1 {[%clk 0:44:09]} Qg5
{[%clk 0:29:35]} 29. a3 {[%clk 0:23:57]} Qxe3+ {[%clk 0:23:16]} 30. Rxe3
{[%clk 0:24:18]} Rhf5 {[%clk 0:22:49]} 31. axb4 {[%clk 0:24:06]} axb4
{[%clk 0:23:12]} 32. h3 {[%clk 0:22:11]} exf3 {[%clk 0:22:05]} 33. Rfxf3
{[%clk 0:22:25]} Rxf3 {[%clk 0:21:07]} 34. gxf3 {[%clk 0:22:32]} Ra8
{[%clk 0:20:50]} 35. Nf2 {[%clk 0:20:19]} Ra3 {[%clk 0:17:21]} 36. Ne4
{[%clk 0:20:38]} Nxe4 {[%clk 0:16:17]} 37. fxe4 {[%clk 0:20:30]} Kf7
{[%clk 0:16:18]} 38. Kf2 {[%clk 0:18:02]} Ke6 {[%clk 0:16:35]} 39. Rd3
{[%clk 0:17:59]} Ra2+ {[%clk 0:14:48]} 40. Ke3 {[%clk 0:18:19]} Rb2
{[%clk 0:14:29]} 41. Kd4 {[%clk 0:18:37]} Rc2 {[%clk 0:14:00]} 42. Rg3
{[%clk 0:15:27]} g6 {[%clk 0:14:16]} 43. Rd3 {[%clk 0:13:00]} Rc1
{[%clk 0:14:23]} 44. Rg3 {[%clk 0:08:03]} Rd1+ {[%clk 0:13:58]} 45. Ke3
{[%clk 0:08:31]} Rf1 {[%clk 0:13:48]} 46. Kd3 {[%clk 0:08:22]} Kf6
{[%clk 0:12:16]} 47. Kd4 {[%clk 0:07:21]} Ke6 {[%clk 0:11:47]} 48. Rd3
{[%clk 0:06:52]} Rc1 {[%clk 0:12:01]} 49. Rg3 {[%clk 0:06:42]} Rd1+
{[%clk 0:11:55]} 50. Ke3 {[%clk 0:07:05]} Rf1 {[%clk 0:11:51]} 51. Kd3
{[%clk 0:06:45]} Kf6 {[%clk 0:10:48]} 52. Kd4 {[%clk 0:04:44]} 1/2-1/2

[Event "TN Mestres 2024-25"]
[Site "Pombal"]
[Date "2024.12.23"]
[Round "9.7"]
[White "Ermida, Ricardo"]
[Black "Silva, Reinaldo"]
[Result "1/2-1/2"]
[LiveChessVersion "1.4.8"]
[BlackElo "1801"]
[WhiteElo "1858"]

1. d4 {[%clk 1:29:48]} g6 {[%clk 1:30:53]} 2. e4 {[%clk 1:30:06]} Bg7
{[%clk 1:31:17]} 3. Nc3 {[%clk 1:30:29]} d6 {[%clk 1:31:42]} 4. Nf3
{[%clk 1:29:23]} Nf6 {[%clk 1:32:01]} 5. h3 {[%clk 1:29:38]} O-O {[%clk 1:31:10]}
6. Be2 {[%clk 1:26:16]} c6 {[%clk 1:30:00]} 7. a4 {[%clk 1:26:15]} Nbd7
{[%clk 1:29:51]} 8. O-O {[%clk 1:26:08]} e5 {[%clk 1:26:06]} 9. dxe5
{[%clk 1:25:56]} Nxe5 {[%clk 1:23:57]} 10. Nxe5 {[%clk 1:24:15]} dxe5
{[%clk 1:24:24]} 11. Be3 {[%clk 1:23:44]} Qa5 {[%clk 1:23:41]} 12. Qb1
{[%clk 1:13:15]} Qb4 {[%clk 1:18:54]} 13. Bf3 {[%clk 1:10:02]} Be6
{[%clk 1:13:49]} 14. a5 {[%clk 1:08:21]} b5 {[%clk 1:09:23]} 15. Rd1
{[%clk 1:00:21]} h6 {[%clk 0:54:10]} 16. Ne2 {[%clk 0:58:26]} g5 {[%clk 0:45:13]}
17. c3 {[%clk 0:57:03]} Qe7 {[%clk 0:40:50]} 18. b4 {[%clk 0:54:33]} Nd7
{[%clk 0:38:53]} 19. Ng3 {[%clk 0:53:43]} a6 {[%clk 0:33:06]} 20. Qd3
{[%clk 0:45:12]} c5 {[%clk 0:29:08]} 21. Qd6 {[%clk 0:36:00]} Qxd6
{[%clk 0:28:19]} 22. Rxd6 {[%clk 0:36:23]} cxb4 {[%clk 0:28:31]} 23. cxb4
{[%clk 0:36:34]} Rfc8 {[%clk 0:28:10]} 24. Nh5 {[%clk 0:30:30]} Rc4
{[%clk 0:24:47]} 25. Nxg7 {[%clk 0:17:00]} Kxg7 {[%clk 0:25:16]} 26. Rad1
{[%clk 0:14:16]} Nf6 {[%clk 0:22:01]} 27. Bc5 {[%clk 0:13:30]} Nxe4
{[%clk 0:12:51]} 28. Bxe4 {[%clk 0:13:54]} Rxe4 {[%clk 0:13:17]} 29. Rd8
{[%clk 0:14:11]} Bc8 {[%clk 0:10:47]} 30. R1d7 {[%clk 0:10:58]} Re1+
{[%clk 0:06:19]} 31. Kh2 {[%clk 0:11:16]} g4 {[%clk 0:05:13]} 32. hxg4
{[%clk 0:11:01]} Bxd7 {[%clk 0:01:57]} 33. Rxa8 {[%clk 0:11:21]} Bxg4
{[%clk 0:02:20]} 34. Rxa6 {[%clk 0:11:42]} Bd7 {[%clk 0:01:30]} 35. Rd6
{[%clk 0:11:46]} Be8 {[%clk 0:01:34]} 36. a6 {[%clk 0:11:46]} Ra1
{[%clk 0:01:57]} 37. a7 {[%clk 0:12:05]} Ra2 {[%clk 0:01:45]} 38. Rb6
{[%clk 0:07:00]} Ra3 {[%clk 0:01:48]} 39. Rb8 {[%clk 0:06:35]} Bc6
{[%clk 0:02:11]} 40. Bb6 {[%clk 0:06:38]} Ra6 {[%clk 0:02:22]} 41. Bc5
{[%clk 0:06:27]} Kf6 {[%clk 0:01:08]} 42. Rd8 {[%clk 0:06:32]} Bb7
{[%clk 0:00:36]} 43. Rd7 {[%clk 0:06:21]} Ba8 {[%clk 0:00:49]} 44. Kg3
{[%clk 0:06:13]} Ra3+ {[%clk 0:00:48]} 45. Kh2 {[%clk 0:05:03]} Ra6
{[%clk 0:01:07]} 46. Rd8 {[%clk 0:04:46]} Bb7 {[%clk 0:01:15]} 47. Rd3
{[%clk 0:03:46]} Kg7 {[%clk 0:01:20]} 48. Kg3 {[%clk 0:03:23]} Rg6+
{[%clk 0:01:34]} 49. Kh4 {[%clk 0:02:56]} Bxg2 {[%clk 0:01:27]} 50. f3
{[%clk 0:00:46]} Ra6 {[%clk 0:01:30]} 51. Kg3 {[%clk 0:00:39]} e4
{[%clk 0:00:38]} 52. fxe4 {[%clk 0:00:31]} Bxe4 {[%clk 0:01:04]} 53. Rd8
{[%clk 0:00:32]} f5 {[%clk 0:01:17]} 54. Kf4 {[%clk 0:00:46]} h5 {[%clk 0:01:33]}
55. Rd7+ {[%clk 0:01:03]} Kf6 {[%clk 0:01:41]} 56. Rh7 {[%clk 0:01:11]} Kg6
{[%clk 0:02:00]} 57. Rh8 {[%clk 0:01:24]} Bd5 {[%clk 0:01:32]} 58. Rf8
{[%clk 0:01:20]} Be4 {[%clk 0:01:49]} 59. Rg8+ {[%clk 0:01:35]} Kh7
{[%clk 0:01:48]} 60. Rg5 {[%clk 0:01:24]} Kh6 {[%clk 0:01:55]} 61. Bf8+
{[%clk 0:01:31]} Kh7 {[%clk 0:02:07]} 62. Ke5 1/2-1/2

[Event "TN Mestres 2024-25"]
[Site "Pombal"]
[Date "2024.12.23"]
[Round "9.8"]
[White "Bras, Hugo"]
[Black "Marques, Pedro Godinho"]
[Result "1/2-1/2"]
[LiveChessVersion "1.4.8"]
[BlackElo "1857"]
[WhiteElo "1863"]

1. e4 {[%clk 1:28:57]} e5 {[%clk 1:29:16]} 2. Nf3 {[%clk 1:29:22]} Nc6
{[%clk 1:29:40]} 3. Bc4 {[%clk 1:29:48]} Bc5 {[%clk 1:30:00]} 4. c3
{[%clk 1:30:12]} Nf6 {[%clk 1:29:24]} 5. d3 {[%clk 1:30:37]} d6 6. O-O
{[%clk 1:30:42]} h6 {[%clk 1:24:47]} 7. Re1 {[%clk 1:31:04]} Nh7 {[%clk 1:11:42]}
8. d4 {[%clk 1:30:35]} exd4 {[%clk 1:10:10]} 9. cxd4 {[%clk 1:30:48]} Bb4
{[%clk 1:10:24]} 10. Nc3 {[%clk 1:31:10]} Bxc3 {[%clk 1:04:07]} 11. bxc3
{[%clk 1:31:29]} Ng5 {[%clk 1:03:09]} 12. e5 {[%clk 1:29:16]} d5 {[%clk 1:03:11]}
13. Bd3 {[%clk 1:25:24]} Bg4 {[%clk 1:02:19]} 14. Ba3 {[%clk 1:25:47]} Bxf3
{[%clk 1:00:01]} 15. gxf3 {[%clk 1:19:54]} Nh3+ {[%clk 1:00:12]} 16. Kg2
{[%clk 1:13:38]} Qh4 {[%clk 0:56:47]} 17. Qc2 {[%clk 1:11:34]} Nf4+
{[%clk 0:56:22]} 18. Kh1 {[%clk 1:11:19]} Qh3 {[%clk 0:56:40]} 19. Bf1
{[%clk 1:09:34]} Qxf3+ {[%clk 0:56:07]} 20. Kg1 {[%clk 1:09:59]} Qg4+
{[%clk 0:54:19]} 21. Kh1 {[%clk 1:10:23]} Qf3+ {[%clk 0:54:32]} 1/2-1/2

[Event "TN Mestres 2024-25"]
[Site "Pombal"]
[Date "2024.12.23"]
[Round "9.9"]
[White "Barrento, Jorge"]
[Black "Goncalves, Lucas"]
[Result "1/2-1/2"]
[LiveChessVersion "1.4.8"]
[BlackElo "1990"]
[WhiteElo "1790"]

1. Nf3 {[%clk 1:30:59]} d5 {[%clk 1:30:44]} 2. g3 {[%clk 1:31:24]} Nf6
{[%clk 1:31:12]} 3. Bg2 {[%clk 1:31:48]} c5 {[%clk 1:31:38]} 4. d3
{[%clk 1:32:14]} Nc6 {[%clk 1:32:05]} 5. Nbd2 {[%clk 1:32:35]} e5
{[%clk 1:32:31]} 6. c3 {[%clk 1:32:48]} Bf5 {[%clk 1:32:47]} 7. O-O
{[%clk 1:33:11]} Be7 {[%clk 1:33:15]} 8. Re1 {[%clk 1:33:35]} O-O
{[%clk 1:33:08]} 9. e4 {[%clk 1:34:02]} dxe4 {[%clk 1:33:33]} 10. dxe4
{[%clk 1:34:28]} Bg6 {[%clk 1:33:21]} 11. Nh4 {[%clk 1:34:47]} 1/2-1/2